000 00300nam a22001337a 4500
008 180315b xxu||||| |||| 00| 0 eng d
020 _a9780394374215
041 _aeng
080 _23rd
_a070
100 _a40
101 _aMED
245 _aThe art of public speaking
_cLucas,S.E
942 _2udc
_cBK
999 _c45112
_d45112